Statistiken für Städte in der Region Grand Est (Frankreich)

Klicken Sie hier um das Quiz zu spielen!

Allgemein

  • Dieses Quiz wurde 124 mal gespielt
  • Das Durchschnittsergebnis liegt bei 8 aus 24

Antwortstatistiken

RegionEinw.Antwort% Korrekt
Elsass276.000Strasbourg
99%
Lothringen119.000Metz
87%
Elsass112.000Mulhouse
76%
Lothringen104.000Nancy
76%
Elsass68.000Colmar
70%
Champagne183.000Reims
66%
Elsass34.000Haguenau
38%
Lothringen42.000Thionville
27%
Lothringen32.000Épinal
26%
Lothringen22.000Forbach
26%
Champagne45.000Châlons-en-Champagne
22%
Champagne60.000Troyes
22%
Lothringen22.000Sarreguemines
20%
Ardennen49.000Charleville-Mézières
16%
Elsass26.000Illkirch-Graffenstaden
13%
Lothringen20.000Lunéville
13%
Lothringen20.000Saint-Dié-des-Vosges
12%
Elsass20.000Saint-Louis
11%
Champagne23.000Épernay
9%
Elsass31.000Schiltigheim
8%
Champagne26.000Saint-Dizier
7%
Champagne23.000Chaumont
6%
Lothringen30.000Vandœuvre-lès-Nancy
6%
Lothringen22.000Montigny-lès-Metz
5%

Verteilung der Resultate

Perzentil nach korrekt beantworteten Fragen

Anzahl Personen mit jedem Resultat

Ihre Resultats-Entwicklung

Sie haben dieses Quiz noch nicht gespielt